000 00908nam a2200313 a 4500
003 AR-BaBNM
005 20251128205452.0
008 082120s2002 ||||||||||||||000 | spa||
040 _cAR-BaBNM
100 1 _aNuñez, H.J.
245 0 0 _aCaracterísticas magnéticas de la laguna el trébol, Patagonia, Argentina
260 _aBuenos Aires
_bDirección Nacional del Antartico
_c1995
300 _a15 p.
_bgráfs., mapas
490 0 _aInstituto Antártico Argentino
_vv. 450
650 4 _aREGIONES POLARES
650 4 _aZONAS CLIMATICAS
650 4 _aOCEANOGRAFIA
650 4 _aEXPEDICIONES CIENTIFICAS
650 4 _aEXPLORACION OCEANICA
650 4 _aINVESTIGACION CIENTIFICA
650 4 _aEXPLORACION DE RECURSOS
650 4 _aMAGNETISMO
650 4 _aMETODOS
651 4 _aAntártida
700 1 _aSinito, A.M.
700 1 _aDel Valle, Rodolfo A.
942 _cBK
998 _cmariana
999 _c11521
_d11521